Statistics for Keto Diet: What Can You Eat?

Click here to take the quiz!

General Stats

  • This quiz has been taken 55 times
  • The average score is 7 of 75

Answer Stats

Answer% Correct
Herbal Tea
64%
Broccoli
48%
Pork
45%
Bacon
41%
Avocado
39%
Spinach
39%
Water
39%
Butter
36%
Salmon
36%
Coffee
34%
Turkey
34%
Shrimp
25%
Cabbage
18%
Lamb
18%
Asparagus
14%
Cheddar Cheese
14%
Celery
11%
Duck
11%
Green Beans
11%
Lobster
11%
Zucchini
11%
Brussels Sprout
9%
Crab
9%
Cream Cheese
9%
Veal
9%
Arugula
7%
Eggplant
7%
Mushroom
7%
Trout
7%
Bok Choy
5%
Cottage Cheese
5%
Goat
5%
Goose
5%
Radish
5%
Scallop
5%
Sour Cream
5%
Alligator
2%
Artichoke
2%
Bear
2%
Boar
2%
Chard
2%
Clam
2%
Collard Greens
2%
Dry Wine
2%
Elk
2%
Heavy Whipping Cream
2%
Mussel
2%
Okra
2%
Oyster
2%
Spam
2%
Summer Squash
2%
Turnip
2%
Alfalfa
0%
Bison
0%
Brie
0%
Broth
0%
Club Soda
0%
Emu
0%
Hard Alcohol
0%
Jicama
0%
Kangaroo
0%
Kielbasa
0%
Kohlrabi
0%
Ostrich
0%
Pheasant
0%
Quail
0%
Rabbit
0%
Rattlesnake
0%
Reindeer
0%
Ricotta
0%
Rutabaga
0%
Seltzer
0%
Spaghetti Squash
0%
Tomatillo
0%
Turtle
0%

Score Distribution

Percentile by Number Answered

Percent of People with Each Score

Your Score History

You have not taken this quiz